Základy teorie a metodiky kontroly

Gespeichert in:
Bibliographische Detailangaben
Format: Buch
Sprache:Tschechisch
Veröffentlicht: Praha Výbor lidové kontroly ČSSR 1979
Tags: Tag hinzufügen
Keine Tags, Fügen Sie das erste Tag hinzu!

MARC

LEADER 00000nam a2200000 4500
001 c126187
005 20041019155237.3
041 0 |a cze 
044 |a CZ 
245 1 0 |a Základy teorie a metodiky kontroly 
264 1 |a Praha  |b Výbor lidové kontroly ČSSR  |c 1979 
300 |a 130 s.